| 000 | 00556nam a2200193Ia 4500 | ||
|---|---|---|---|
| 005 | 20250508151544.0 | ||
| 008 | 008 250505s9999 xx 000 0 eng d | ||
| 037 | _aBooks to be hide in OPAC | ||
| 040 |
_aFEDL _beng _cFEDL |
||
| 041 |
_aeng _2eng |
||
| 084 |
_a574, GIB/O _qFEDL |
||
| 100 |
_aGibbs M Alice _9759489 |
||
| 245 | 0 | _aCourse in nature study, Book 2: Out of doors, Part 3 | |
| 260 |
_aLondon, UK _bChatto and Windus |
||
| 300 | _a29p | ||
| 700 |
_a Raby Joan _9759490 |
||
| 942 |
_cHB _h574, GIB/O |
||
| 999 |
_c1330592 _d1330592 |
||